000 00282nam a22001337a 4500
008 171031b xxu||||| |||| 00| 0 eng d
020 _a9780742501430
041 _aeng
080 _a33
100 _a59
101 _aBUD
245 _aSMART SANCTIONS
_cDAVID.C
942 _2udc
_cBK
999 _c36845
_d36845